000 00433nam a2200181Ia 4500
001 6744
003 IN-NITTTR
005 20251114233021.0
008 251113s9999||||xx |||||||||||||| ||eng||
040 _beng
040 _cIN-NITTTR
041 _aeng
082 _a621.4021 S11E
100 _aSpalding, D. B.
245 0 _aEngineering thermodynamics. /
_cSpalding, D. B., Cole, E. H.
700 _a Cole, E. H.
942 _2ddc
_cBK
999 _c9382
_d9382